Trombinoscope League of Legends - Statistiques

Statistiques générales
  • Ce quiz a été pris 100 fois
  • Le résultat moyen est 75 sur 100
Statistiques - réponses
Hint Réponse % Correct
Fizz
84%
Séraphine
84%
Ahri
82%
Caitlyn
82%
Wukong
82%
Ashe
81%
Akali
81%
Lux
81%
Renekton
79%
Sett
79%
Teemo
79%
Jinx
79%
Miss Fortune
78%
Twitch
78%
Galio
78%
Kayle
78%
Annie
78%
Shyvana
78%
Zoé
78%
Vi
78%
Ekko
78%
Volibear
78%
Viego
78%
Rengar
77%
Heimerdinger
77%
Cho'Gath
77%
Poppy
77%
Jayce
77%
Zeri
77%
Kassadin
77%
Nami
77%
Katarina
77%
Graves
77%
Evelynn
77%
Singed
77%
Panthéon
77%
Leona
77%
Smolder
77%
Orianna
77%
Garen
77%
Dr. Mundo
77%
Milio
75%
Riven
75%
Olaf
75%
Kindred
75%
Twisted Fate
75%
Rakan
75%
Nidalee
75%
Qiyana
75%
Lissandra
75%
Vayne
75%
Fiddlesticks
75%
Rell
75%
Fiora
75%
Senna
75%
Nasus
75%
Azir
75%
Taric
75%
Lee Sin
75%
Morgana
75%
Yuumi
75%
Lulu
75%
Kai'Sa
74%
LeBlanc
74%
Xayah
74%
Malzahar
74%
Briar
74%
Kalista
74%
Irelia
74%
Gragas
74%
Maître Yi
74%
Varus
74%
Soraka
74%
Kled
73%
Vex
73%
Karma
73%
Hwei
73%
Yunara
73%
Braum
73%
Shaco
73%
Vel'Koz
73%
Janna
73%
Ryze
73%
Tahm Kench
73%
Samira
73%
Hecarim
71%
Quinn
71%
Sona
71%
Nilah
71%
Cassiopeia
71%
K'Santé
71%
Ezreal
71%
Rammus
71%
Neeko
71%
Corki
70%
Maokai
70%
Gnar
70%
Ivern
70%
Zaahen
68%
Renata Glasc
67%
Aucun quiz correspondant
Distribution des résultats
% des personnes avec chaque résultat
Percentile par nombre de réponses
Votre historique - résultats
Vous n’avez pas pris ce quiz